[Event "EU-ch 16th"]
[Site "Jerusalem"]
[Date "2015.02.24"]
[Round "1"]
[White "Baron, Tal"]
[Black "Rave, Avraham"]
[Result "1-0"]
[WhiteElo "2510"]
[BlackElo "1824"]
[PlyCount "57"]
[EventDate "2015.02.24"]
[EventType "swiss"]
[EventRounds "11"]
[EventCountry "ISR"]
[SourceTitle "CBM 166"]
[Source "ChessBase"]
[SourceDate "2015.05.11"]
[SourceVersion "1"]
[SourceVersionDate "2015.05.11"]
[SourceQuality "1"]

1. e4 e5 2. Nf3 Nc6 3. Bb5 a6 4. Ba4 Nf6 5. 0-0 b5 6. Bb3 Be7 7. d4 d6 8. c3 Bg4 9. Be3 0-0 10. h3 Bh5 11. Nbd2 d5 12. g4 dxe4 13. Nxe5 Nxe5 14. dxe5 Nd7 15. gxh5 Bg5 16. Nxe4 Bxe3 17. fxe3 Qe7 18. e6 fxe6 19. Qg4 Rae8 20. h6 Nf6 21. Bxe6+ Kh8 22. hxg7+ Qxg7 23. Qxg7+ Kxg7 24. Nxf6 Rxf6 25. Rxf6 Kxf6 26. Bg4 Rxe3 27. Rf1+ Ke7 28. Kf2 Rd3 29. Rd1 1-0

[Event "EU-chT Seniors"]
[Site "Thessaloniki"]
[Date "2011.05.07"]
[Round "5"]
[White "Rave, Avraham"]
[Black "Neese, Hans Joachim"]
[Result "0-1"]
[WhiteElo "1865"]
[BlackElo "2234"]
[PlyCount "108"]
[EventDate "2011.05.03"]
[EventType "team-swiss"]
[EventRounds "9"]
[EventCountry "GRE"]
[SourceTitle "CBM 142 Extra"]
[Source "ChessBase"]
[SourceDate "2011.06.27"]
[SourceVersion "1"]
[SourceVersionDate "2011.06.27"]
[SourceQuality "1"]
[WhiteTeam "Israel II"]
[BlackTeam "Katernberg"]
[WhiteTeamCountry "ISR"]
[BlackTeamCountry "GER"]

1. Nf3 d5 2. d4 Nf6 3. c4 c6 4. e3 Bg4 5. Qc2 Nbd7 6. Nbd2 e6 7. Bd3 Bd6 8. b3 Rc8 9. 0-0 0-0 10. Bb2 Re8 11. Ne5 Bh5 12. h3 Nf8 13. f4 N6d7 14. e4 f6 15. Nef3 Bxf4 16. g4 Bf7 17. Kg2 Bb8 18. Rf2 Ng6 19. Rh1 Nf4+ 20. Kf1 Nxd3 21. Qxd3 Nf8 22. e5 Ng6 23. Qe3 fxe5 24. Nxe5 Nxe5 25. dxe5 Bg6 26. h4 Rf8 27. h5 Rxf2+ 28. Kxf2 Be8 29. Kg3 Rc7 30. Nf3 Qe7 31. h6 Bg6 32. hxg7 Qxg7 33. Ba3 Rd7 34. Re1 dxc4 35. bxc4 Rd3 36. Qc5 Qf7 37. Re3 b6 38. Rxd3 bxc5 39. Rd8+ Kg7 40. Rxb8 Qc7 41. Rb2 Be4 42. Rd2 Bxf3 43. Kxf3 Qa5 44. Rd3 Kg6 45. Re3 a6 46. Kg3 h6 47. Kh3 Qa4 48. Bxc5 Qxc4 49. Bd6 Kg5 50. Be7+ Kf4 51. Rb3 Qf1+ 52. Kh2 Qe2+ 53. Kh1 Qxa2 54. Rb4+ Kg3 0-1

[Event "Wch Seniors 19th"]
[Site "Condino"]
[Date "2009.11.06"]
[Round "10"]
[White "Kuhnert, Werner Eberhard"]
[Black "Rave, Avraham"]
[Result "0-1"]
[WhiteElo "1541"]
[BlackElo "1875"]
[PlyCount "61"]
[EventDate "2009.10.27"]
[EventType "swiss"]
[EventRounds "11"]
[EventCountry "ITA"]
[SourceTitle "EXT 2010"]
[Source "ChessBase"]
[SourceDate "2010.11.25"]
[SourceVersion "1"]
[SourceVersionDate "2010.11.25"]
[SourceQuality "1"]

1. d4 e6 2. c4 Nf6 3. Nc3 d5 4. e3 c6 5. Nf3 Nbd7 6. Be2 a6 7. Bd2 Bd6 8. 0-0 0-0 9. Qc2 b6 10. a3 Bb7 11. b4 c5 12. Na2 cxd4 13. exd4 dxc4 14. Nc3 b5 15. Ng5 h6 16. Bf3 Qc7 17. g3 hxg5 18. Bxb7 Qxb7 19. Bxg5 Qf3 20. Qd2 Ne4 21. Nxe4 Qxe4 22. Qe3 Qg6 23. f4 Nf6 24. Rfe1 Nd5 25. Qe4 Qxe4 26. Rxe4 Be7 27. Bxe7 Nxe7 28. g4 Nd5 29. h4 Nf6 30. Re2 Nxg4 31. Kg2 0-1